000 01256cam a22003494a 4500
001 13650526
003 OSt
005 20151024110221.0
008 040709s2004 maua b 001 0 eng
010 _a 2004016128
020 _a1591396387
040 _aDLC
_cDLC
_dDLC
042 _apcc
043 _aa-cc---
050 0 0 _aHD 9210
_b.H37 2004
082 0 0 _aIB 658.4
_bH26d 2004
245 0 0 _aHarvard business review on doing business in china /
_cKenneth Lieberthal, … et. al.
260 _aBoston, Mass :
_bHarvard Business School Pub.,
_cc2004.
300 _a204 p. :
_bill. ;
_c21 cm.
440 4 _aThe Harvard business review paperback series
650 0 _aInternational business enterprises
_zChina.
650 0 _aBusiness enterprises, Foreign
_zChina.
650 0 _aInvestments, Foreign
_zChina.
651 0 _aChina
_xCommerce.
651 0 _aChina
_xCommercial policy.
730 0 _aHarvard business review.
856 4 1 _3Table of contents
_uhttp://www.loc.gov/catdir/toc/ecip0420/2004016128.html
906 _a7
_bcbc
_corignew
_d1
_eecip
_f20
_gy-gencatlg
942 _2lcc
_cBK
999 _c2061
_d2061